Agua turbia = Honogurai mizu no soko kara /

Na minha lista:
Detalhes bibliográficos
Autor principal: Nakata, Hideo (realización)
Outros Autores: Nakamura, Yoshihiro (guión) (guión), Suzuki, Kenichi (guión) (guión), Hayashi, Junichirô (fotógrafo) (fotógrafo), Takahashi, Nobuyuki (montaje) (montaje), Kawai, Kenji (música) (música), Suga, Shikao (música) (música), Kuroki, Hitomi (actuación) (actuación), Kanno, Rio (actuación) (actuación), Oguchi, Mirei (actuación) (actuación)
Formato: Slides
Idioma:japonês
Publicado em: Japón : Honogurai mizu no Soko kara Seisaku linkai : Oz Productions, 2002
Colecção:(Tokio Shock)
Assuntos:
Tags: Adicionar Tag
Sem tags, seja o primeiro a adicionar uma tag!

MARC

LEADER 00000ngm^a2200000^a^4500
001 000273358
005 20250521000000.0
008 080326 20021998
009 20260310111128.897
037 |a Acervo ITESO - Biblioteca 
041 |a JAP 
082 |a 895. 6  |b NAK 
100 |a Nakata, Hideo  |e (realización) 
240 1 1 |a [Dark Water] 
240 1 1 |a [Dark Water. Adaptaciones] 
240 1 1 |a [Agua turbia] 
245 1 0 |a Agua turbia =  |b Honogurai mizu no soko kara /  |c Realización de H. Nakata. 
246 2 |a Título en la pantalla: Dark Water 
264 1 |a Japón :  |b Honogurai mizu no Soko kara Seisaku linkai :  |b Oz Productions,  |c 2002 
264 2 |a México :  |b Quality Films [distribución],  |c copyright fecha no identificada 
300 |a 1 DVD regiones 1 y 4 (101 min.) :  |b color 
336 |a imagen móvil bidimensional  |b tdi  |2 rdacontenido 
337 |a video  |b v  |2 rdamedio 
338 |a videodisco  |b vd  |2 rdasoporte 
440 1 |a (Tokio Shock) 
500 |a Basado en: Dark Water, de Kôji Suzuki 
546 |a En japonés, con subtítulos opcionales: español 
649 |a XX 
650 |a Fantasmas en el Cine 
650 |a Huérfanos en el Cine 
650 |a Niños en el Cine 
650 |a Madres en el Cine 
650 |a Mujeres en el Cine 
650 |a Películas de Suspenso y Terror 
650 |a Cine Fantástico 
650 |a Cine Japonés -  |y 2000-2009 
650 |a Cine Japonés -  |y Siglo XXI 
650 |a Cuentos Japoneses -  |x Adaptaciones para Cine 
650 |a Literatura Japonesa -  |y Siglo XX -  |x Adaptaciones para Cine 
650 |a Literatura y Cine 
650 |a Deserción y Abandono 
650 |a Maternidad 
650 |a Relaciones Padres-Hijos 
650 |a Lo Sobrenatural 
650 |a Agua (En Religión, Folklore, etc.) 
650 |a Agua en el Cine 
650 |a Departamentos en el Cine 
700 |a Nakamura, Yoshihiro  |e (guión) 
700 |a Suzuki, Kenichi  |e (guión) 
700 |a Hayashi, Junichirô  |e (fotógrafo) 
700 |a Takahashi, Nobuyuki  |e (montaje) 
700 |a Kawai, Kenji  |e (música) 
700 |a Suga, Shikao  |e (música) 
700 |a Kuroki, Hitomi  |e (actuación) 
700 |a Kanno, Rio  |e (actuación) 
700 |a Oguchi, Mirei  |e (actuación) 
910 |a Fondo General 
920 |a Audiovisuales - DVDs 
940 |a Películas 
905 |a 302 
901 |a 0500142727  |b IT2  |c DVS  |u 20250521 
902 |a https://opac.biblio.iteso.mx/vufind/Record/000273358